Program SAPARD ako podpora EÚ novoprijatým členským krajinám v čase globalizácie v oblasti agrorezortu

Bibliographic Details
Main Author: Chebeň, Juraj, 1977- (Author)
Format: Article
Language:Slovak
PhysicalDescription:Graf, tab.
ISSN:1336-1864
Subjects:

MARC

LEADER 00000nab a2200000 ar4500
001 vtls008408753
003 SK-MaSNL
005 20260304214148.0
008 051109c2005 xo zr|p|||||||000 b|slo
015 |a SNBRB2005/11  |2 snkbucl 
038 |a SNKBUCL 
040 |a SNKBUCL  |b slo  |c SNKBUCL  |e AACR2 
041 0 |a slo 
044 |a xo  |c SK 
080 |a 338.43:339.96(4:4-773)  |2 UDC-MRF-SK2 
080 |a 631:339.96(4:4-773)  |2 UDC-MRF-SK2 
080 |a 339.96(4:4-773)  |2 UDC-MRF-SK2 
100 1 |a Chebeň, Juraj,  |d 1977-  |4 aut  |9 259781 
245 1 0 |a Program SAPARD ako podpora EÚ novoprijatým členským krajinám v čase globalizácie v oblasti agrorezortu  |c Juraj Chebeň 
300 |b Graf, tab. 
504 |a Bibliogr. odkazy 
610 2 7 |a Európska únia  |2 snkbucl  |9 29861 
610 2 7 |a SAPARD (program)  |2 snkbucl  |9 28719 
650 0 7 |a poľnohospodárstvo  |2 snkbucl  |9 679 
650 0 7 |a finančná podpora  |2 snkbucl  |9 28968 
773 0 |t Marketingová panoráma  |g Roč. 3., č. 1-2 (2005), s. 27-33  |x 1336-1864 
852 |a SNK  |b KIS3GCP 
958 |a NB 
999 |c 3139839  |d 3141769